| 000 | 01411nam0a2200349 4500 | ||
|---|---|---|---|
| 001 | RU\NLR\bibl\153392 | ||
| 005 | 20260405140011.0 | ||
| 010 |
_a5-93455-066-7 _910000 |
||
| 021 |
_aRU _b2001-2880 _9153 |
||
| 035 | _a(NLR Aleph) 000150392 | ||
| 090 |
_a862968 _c862968 |
||
| 100 | _a20010326d2001 |||y0rusy50 ca | ||
| 101 | 0 | _arus | |
| 102 | _aRU | ||
| 105 | _aa ||||||||| | ||
| 200 | 1 |
_aКраткий самоучитель пользователя IBM PC _fК. К. Ковалев |
|
| 210 |
_aМ. _cСолон-Р _d2001 |
||
| 215 |
_a155 с. _cил. _d24 |
||
| 606 | 0 |
_aIBM, персональные компьютеры _jРуководства, пособия и т.п. _92074043 _3RU\NLR\auth\661249007 |
|
| 606 | 0 |
_aIBM, персональные компьютеры _jУчебные издания для самообразования _92074043 _3RU\NLR\auth\661249007 |
|
| 610 | 0 | _aКомпьютеры персональные | |
| 675 |
_a004.382.7 _v3 _zrus |
||
| 686 |
_a50 _2rugasnti |
||
| 686 |
_a32.973.26 _2rubbk |
||
| 686 | _aЗ973.23я78 | ||
| 700 | 1 |
_4070 _8rus _7ca _aКовалев _bК. К. _cспециалист по компьют. технол. _gКонстантин Константинович _3RU\NLR\auth\7756310 _939242 |
|
| 801 | 0 |
_aRU _bRKP _c20010326 _gPSBO |
|
| 801 | 1 |
_aRU _bRKP _c20010326 |
|
| 801 | 2 |
_aRU _bNLR _c20070924 _grcr |
|
| 942 | _cBOOK | ||
| 980 | _aNB | ||